Sports Quiz

Random Sports or MLB Quiz
Score 0/16 Timer 03:00
0 Plays Today
Conference Team % Correct
American ConferenceIowa Cubs
85.5%
Pacific ConferenceLas Vegas 51s
75.6%
Pacific ConferenceAlbuquerque Isotopes
74.4%
American ConferenceColorado Springs Sky Sox
69.8%
American ConferenceOklahoma City Dodgers
68.6%
Pacific ConferenceSalt Lake Bees
68%
American ConferenceMemphis Redbirds
66.9%
American ConferenceRound Rock Express
66.3%
Conference Team % Correct
Pacific ConferenceTacoma Rainiers
63.4%
Pacific ConferenceReno Aces
62.8%
Pacific ConferenceFresno Grizzlies
62.2%
Pacific ConferenceSacramento River Cats
59.9%
American ConferenceOmaha Storm Chasers
58.7%
American ConferenceNashville Sounds
54.1%
American ConferenceNew Orleans Baby Cakes
49.4%
Pacific ConferenceEl Paso Chihuahuas
48.8%
Remove Ads.
Support Sporcle.
Get the best of Sporcle when you Go Orange. This ad-free experience offers more features, more stats, and more fun while also helping to support Sporcle. Thank you for becoming a member.

You're not logged in!

Compare scores with friends on all Sporcle quizzes.
OR
Log In

Show Comments

Extras

Top Quizzes Today


Score Distribution

Your Account Isn't Verified!

In order to create a playlist on Sporcle, you need to verify the email address you used during registration. Go to your Sporcle Settings to finish the process.

Report this User

Report this user for behavior that violates our Community Guidelines.

Details: